अद्वैत मकरंद. (Record no. 271524)

MARC details
000 -LEADER
fixed length control field 00604nam a2200181Ia 4500
008 - FIXED-LENGTH DATA ELEMENTS--GENERAL INFORMATION
fixed length control field 090630s9999 xx 000 0 und d
082 ## - DEWEY DECIMAL CLASSIFICATION NUMBER
Item number 19668
100 ## - MAIN ENTRY--PERSONAL NAME
Personal name सप्रे माधव नि.
245 ## - TITLE STATEMENT
Title अद्वैत मकरंद.
Statement of responsibility, etc सप्रे माधव नि.
260 ## - PUBLICATION, DISTRIBUTION, ETC. (IMPRINT)
Name of publisher, distributor, etc प्रणव.
Date of publication, distribution, etc 1999
300 ## - PHYSICAL DESCRIPTION
Extent 105
600 ## - SUBJECT ADDED ENTRY--PERSONAL NAME
Personal name सप्रे माधव नि.
630 ## - SUBJECT ADDED ENTRY--UNIFORM TITLE
Uniform title अद्वैत मकरंद.
655 ## - INDEX TERM--GENRE/FORM
Genre/form data or focus term धार्मिक.
700 ## - ADDED ENTRY--PERSONAL NAME
Personal name सप्रे माधव नि.
730 ## - ADDED ENTRY--UNIFORM TITLE
Uniform title अद्वैत मकरंद.
942 ## - ADDED ENTRY ELEMENTS (KOHA)
Koha item type Book
Holdings
Withdrawn status Lost status Damaged status Not for loan Home library Current library Date acquired Cost, normal purchase price Total Checkouts Full call number Barcode Date last seen Cost, replacement price Price effective from Koha item type
        Sarvajanik Wachanalaya Shrivardhan Sarvajanik Wachanalaya Shrivardhan 01/08/2001 60.00   19668 SAWASHRI-19668 06/30/2009 60.00 06/30/2009 Book